Normal view
MARC view
- Treichler, John R
Entry Personal Name
001 - CONTROL NUMBER
- control field: 104108
003 - CONTROL NUMBER IDENTIFIER
- control field: NUST
005 - DATE AND TIME OF LATEST TRANSACTION
- control field: 20221205115006.0
008 - FIXED-LENGTH DATA ELEMENTS
- fixed length control field: 221205|| aca||aabn | a|a d
040 ## - CATALOGING SOURCE
- Original cataloging agency: NUST
- Transcribing agency: NUST
100 ## - HEADING--PERSONAL NAME
- Personal name: Treichler, John R
670 ## - SOURCE DATA FOUND
- Source citation: Work cat.: (NUST)182400: Treichler, John R., Theory and design of adaptive filters /, c2001.
